| 000 | 00503nam a2200169 4500 | ||
|---|---|---|---|
| 005 | 20251014114806.0 | ||
| 008 | 251014b |||||||| |||| 00| 0 eng d | ||
| 020 | _a978-0-19-997459-7 | ||
| 040 |
_aNational Science Library _cNational Science Library |
||
| 080 |
_a57 _bQ4 |
||
| 100 | _aHoffman, William | ||
| 245 |
_aBiologist's Imagination: _bInnovation in the biosciences |
||
| 260 |
_aUSA: _bOxford University Press, _c2014 |
||
| 300 | _axviii, 284p. | ||
| 650 | _aInnovation | ||
| 942 |
_2udc _cBK |
||
| 999 |
_c67818 _d67818 |
||